000 01050nam a22003257a 4500
001 BR0602601
003 BR-BrBNA
005 20230928102200.0
007 ta
008 230509b bl.||||| |||| 00| 0 por d
040 _aBR-BrBNA
_bpor
_cBiblioteca Nacional de Agricultura
041 _a(Por)
072 _aL70
_b5217
090 _ 5217 BR0602601
100 1 _aEscrivão, S.C.
110 1 _aUniversidade Federal de Minas Gerais, Belo Horizonte (Brasil). Escola de Veterinária
_0Tese (Mestre em Medicina Veterinária)
245 1 _aAvaliação morfométrica, ultrassonográfica e videoteloscópica em papilas mamárias de fêmeas bubalinas mestiças
260 3 _aBelo Horizonte, MG (Brasil):
_c2005.
300 _a54 p.
500 _aSummaries (Eng, Por); Bibliography p. 43-48; 8 illus.
650 _aBÚFALO
650 _aGLÂNDULA MAMÁRIA
650 _aRUMINANTE
650 _aDIAGNÓSTICO
650 _aINFECÇÃO
650 _aVETERINÁRIA
650 _aULTRA-SOM
909 _a202309
_bLucia
_c55
_dLucia Elande
942 _cBK
999 _c69530
_d69530